[Event "GM"]
[Site "Evry FRA"]
[Date "2003.04.18"]
[Round "9"]
[White "Abergel,T"]
[Black "Belkhodja,S"]
[Result "0-1"]
[WhiteElo "2365"]
[BlackElo "2443"]

1.e4 c5 2.Nf3 Nc6 3.Bb5 d6 4.O-O Bd7 5.Re1 Nf6 6.c3 a6 7.Bf1 Bg4 8.d3 e6
9.Nbd2 Be7 10.h3 Bh5 11.Qc2 Rc8 12.Nh2 e5 13.Nc4 O-O 14.Ne3 Bg6 15.Nf3 d5
16.exd5 Nxd5 17.Ng4 f6 18.Nh4 Bf7 19.Nf5 Qd7 20.Nge3 Nxe3 21.Nxe7+ Nxe7 22.fxe3 e4
23.dxe4 Nc6 24.b3 Ne5 25.Bb2 Qc6 26.Rad1 Bg6 27.c4 Bxe4 28.Qd2 Nf7 29.Bd3 Rcd8
30.Qc2 Rxd3 31.Rxd3 Bxd3 32.Qxd3 Rd8 33.Qc2 Qd6 34.e4 a5 35.Bc3 b6 36.Re2 Qf4
37.Bd2 Qg3 38.Be1 Qc7 39.Rd2 Re8 40.Rd5 Qf4 41.Bd2 Qxe4 42.Qxe4 Rxe4 43.Rd7 g5
44.Kf1 h5 45.Be1 h4 46.Ra7 Ne5 47.Rb7 Nd3 48.Bc3 Re6 49.Rd7 Nf4 50.Ra7 Ne2
51.Be1 Nc1 52.Bd2 Nxa2 53.Kf2 Kf8 54.Kf3 Ke8 55.Be3 Nb4 56.Bg1 Nc6 57.Rb7 Nd4+
58.Kg4 Nxb3 59.Kf5 Rd6 60.Bh2 Nd4+ 61.Ke4 Re6+ 62.Kd5 a4 63.Ra7 a3 64.Rxa3 Kf7
65.Bc7 Nc2  0-1

[Event "ch-FAI"]
[Site "Torshavn FAI"]
[Date "2003.04.18"]
[Round "10"]
[White "Westerinen,H"]
[Black "Shaw,J"]
[Result "1/2-1/2"]
[WhiteElo "2360"]
[BlackElo "2474"]

1.e4 c5 2.Nf3 Nc6 3.Bb5 g6 4.O-O Bg7 5.Re1 Nf6 6.e5 Nd5 7.Nc3 Nc7 8.Bxc6 dxc6
9.Ne4 Ne6 10.d3 O-O 11.Neg5 Qd5 12.c4 Qd8 13.h3 b6 14.Qe2 h6 15.Nxe6 Bxe6
16.Bf4 Qd7 17.Rad1 g5 18.Be3 g4 19.hxg4 Bxg4 20.d4 cxd4 21.Rxd4 Qe6 22.Ng5 hxg5
23.Qxg4 Qxe5 24.Re4 Qa5 25.Qe2 Rae8 26.Bd4 Bxd4 27.Rxd4 f6 28.Qe6+ Kg7 29.Rd7 Qxa2
30.Qxc6 Qxb2 31.Rexe7+ Rxe7 32.Rxe7+ Rf7 33.Rxf7+ Kxf7 34.Qd7+ Kg6 35.Qe8+ Kf5
36.g4+ Kxg4 37.Qe4+ Kh5 38.Qh7+ Kg4  1/2-1/2

[Event "11th Open"]
[Site "Tarbes FRA"]
[Date "2003.04.19"]
[Round "2"]
[White "Jossien,A"]
[Black "Lecoq,J"]
[Result "1-0"]
[WhiteElo "2340"]
[BlackElo "2040"]

1.Nf3 c5 2.e4 Nc6 3.Bb5 g6 4.c3 Bg7 5.d4 cxd4 6.cxd4 Nf6 7.Nc3 O-O 8.O-O d5
9.e5 Ne4 10.h3 f6 11.exf6 exf6 12.Qb3 Nxc3 13.bxc3 Bf5 14.Nh4 Be6 15.Bd3 Qd7
16.f4 f5 17.Nf3 Rac8 18.Ne5 Qc7 19.Bd2 Na5 20.Qd1 Nc4 21.Rc1 Nb2 22.Qb3 Nxd3
23.Nxd3 b6 24.Rce1 Rfe8 25.Re3 Qc4 26.Rfe1 Bd7 27.Ne5 Bxe5 28.Rxe5 Qxb3 29.axb3 Kf7
30.Rxd5 Be6 31.Rb5 Red8 32.Ree5 Bd7 33.Rbd5 Be6 34.Rxd8 Rxd8 35.Rb5 Bd5 36.g4 Be4
37.Kf2 Bd3 38.Re5 Bc2 39.gxf5 gxf5 40.Be3 Be4 41.c4 Rg8 42.d5 Rg2+ 43.Kf1 Rb2
44.d6 Bc6 45.Re7+ Kf8 46.Rc7 Rxb3 47.Rxc6 Rxe3 48.Rc8+ Re8 49.d7  1-0

[Event "Commonwealth Ch"]
[Site "Mumbai IND"]
[Date "2003.04.21"]
[Round "2"]
[White "Rathnakaran,K"]
[Black "Sherbakov,R"]
[Result "0-1"]
[WhiteElo "2390"]
[BlackElo "2557"]

1.e4 c5 2.Nf3 Nc6 3.Bb5 e6 4.O-O Nge7 5.Re1 a6 6.Bf1 d5 7.d3 g6 8.Be3 d4
9.Bf4 Bg7 10.e5 h6 11.h4 Qc7 12.Qe2 g5 13.Bg3 Nf5 14.Bh2 g4 15.Nfd2 g3 16.Bxg3 Nxg3
17.fxg3 Bxe5 18.Ne4 b6 19.Nbd2 f5 20.Nf2 Bxg3 21.Qh5+ Kf8 22.Re2 Ne5 23.c3 Bd7
24.Rxe5 Qxe5 25.Nc4 Qf4 26.Nh3 Qg4  0-1

[Event "Commonwealth Ch"]
[Site "Mumbai IND"]
[Date "2003.04.21"]
[Round "3"]
[White "Sherbakov,R"]
[Black "Ramesh,R"]
[Result "1/2-1/2"]
[WhiteElo "2557"]
[BlackElo "2444"]

1.e4 c5 2.Nf3 Nc6 3.Bb5 Nf6 4.Nc3 g6 5.e5 Ng4 6.Bxc6 dxc6 7.d3 Bg7 8.Bf4 Nh6
9.O-O Bg4 10.Ne4 Nf5 11.Re1 Bxf3 12.Qxf3 Nd4 13.Qd1 Ne6 14.Bg3  1/2-1/2

[Event "Commonwealth Ch"]
[Site "Mumbai IND"]
[Date "2003.04.23"]
[Round "6"]
[White "Neelotpal,D"]
[Black "Harika,D"]
[Result "1/2-1/2"]
[WhiteElo "2468"]
[BlackElo "2294"]

1.e4 c5 2.Nf3 Nc6 3.Bb5 g6 4.O-O Bg7 5.c3 Nf6 6.Re1 O-O 7.h3 e5 8.d3 d6 9.a3 Bd7
10.Nbd2 Ne8 11.b4 Nc7 12.Bc4 b5 13.Ba2 Be6 14.Bxe6 Nxe6 15.Nf1 d5 16.Bd2 a5
17.bxa5 Nxa5 18.a4 c4 19.axb5 cxd3 20.exd5 Nc5 21.Nxe5 Qxd5 22.Rxa5 Bxe5
23.Ne3 Qb3 24.Rxa8 Rxa8 25.Qf3 Rd8 26.c4 Bc3 27.Nd5 Bxd2 28.Qf6 Bxe1 29.Qxd8+ Kg7
30.Qf6+ Kg8 31.Qd8+ Kg7 32.Qf6+ Kg8 33.Qd8+ Kg7 34.Qf6+ Kg8  1/2-1/2

[Event "5th Open"]
[Site "Dubai UAE"]
[Date "2003.04.25"]
[Round "6"]
[White "Minasian,Art"]
[Black "Gagunashvili,M"]
[Result "1/2-1/2"]
[WhiteElo "2555"]
[BlackElo "2580"]

1.e4 c5 2.Nf3 Nc6 3.Bb5 Nf6 4.Qe2 g6 5.e5 Nd5 6.O-O Nc7 7.Bxc6 dxc6 8.h3 Bg7
9.d3 O-O 10.Nbd2 Ne6 11.Nb3 a5 12.a4 b6 13.Qe4 Ra7 14.Qh4 f6 15.Re1 Qd5 16.Be3 g5
17.Qg3 h5 18.Rad1 h4 19.Qh2 Qd8 20.Kh1 Rd7 21.Qg1 Nd4 22.Bxd4 cxd4 23.Qf1 Rd5
24.Nbd2 b5 25.Qe2 g4 26.hxg4 Bxg4 27.Qe4 f5 28.Qf4 Qe8 29.Qg5 Kh7 30.Qxh4+ Bh6
31.Nf1 bxa4 32.Ra1 Qh5 33.Qxh5 Bxh5 34.N3d2 Rb8 35.Nc4 Rb4 36.Ng3 Bg6 37.Ne2 Bf7
38.Ng1 Be6 39.Nf3 Rc5 40.Nxd4 Bxc4 41.dxc4 Rcxc4 42.Nxf5 Rxc2 43.Nxe7 Rxf2
44.Ra3 Rbxb2 45.Rxa4 Rxg2 46.Rh4 Rge2 47.Rf1 Rf2 48.Rg1 Rf4 49.Rh5 Rbb4 50.Nf5 Rxf5
51.Rxf5 Rh4+ 52.Kg2 Rg4+ 53.Kf1 Rxg1+ 54.Kxg1 Kg8 55.e6 Bf8 56.Rxa5 Bd6 57.Rf5 Kg7
58.Kf2 Kg6 59.Rf7 Be5 60.Ke3 Bd6 61.Ke4 Bh2 62.Rf1 Bd6 63.Rd1 Bh2 64.Rd2 Bc7
65.Rc2 Kf6 66.Rxc6 Ba5 67.Kd5 Ke7 68.Rc4 Bb6 69.Rb4 Bf2 70.Rb7+ Ke8 71.Rf7 Be1
72.Ke5 Bc3+ 73.Kf5 Bb2 74.Rc7 Ba3 75.Rb7 Bc5 76.Ke5 Bf2 77.Rb4 Be1 78.Rc4 Ke7
79.Rc7+ Ke8 80.Rb7 Bg3+ 81.Kf5 Be1 82.Rb5 Ke7 83.Rb3 Ba5 84.Ra3 Be1 85.Ke5 Bb4
86.Rd3 Be1 87.Rh3 Bb4 88.Rh7+ Ke8 89.Rc7 Be1 90.Rc4 Ke7  1/2-1/2

[Event "Vedior Trophy"]
[Site "Milan ITA"]
[Date "2003.04.26"]
[Round "1"]
[White "Di Fonzo,V"]
[Black "Sanchez,Joseph"]
[Result "0-1"]
[WhiteElo "2223"]
[BlackElo "2342"]

1.e4 c5 2.Nf3 Nc6 3.Bb5 d6 4.O-O Bd7 5.Re1 Nf6 6.h3 a6 7.Bf1 e5 8.c3 Be7
9.d4 cxd4 10.cxd4 exd4 11.Nxd4 O-O 12.Nc3 Rc8 13.Nxc6 Rxc6 14.Be3 Be6 15.Bd4 Qa5
16.e5 dxe5 17.Rxe5 Qc7 18.Re2 Rd8 19.Rd2 Rcd6 20.Be3 Rxd2 21.Bxd2 Qd7 22.Bg5 Qxd1
23.Nxd1 Bxa2 24.Bxf6 Bxf6 25.Rxa2 Rxd1 26.b3 Rb1 27.Re2 Kf8 28.Re3 b5 29.g3 Bd4
30.Rd3 Bc5 31.Kg2 Rb2 32.Rf3 Ke7 33.Rf5 Bb6 34.Rf3 f6 35.Kg1 Kd6 36.h4 Kc5
37.Bh3 Kb4 38.Be6 a5 39.Rf4+ Ka3 40.Rf5 b4 41.Rf3 Rc2 42.h5 Rc3 43.Kg2 h6
44.g4 Bd4 45.Rf5 a4 46.bxa4 Kxa4 47.Rd5 Bb6 48.Rd6 Bc5 49.Rd7 Rc2 50.Rxg7 Rxf2+
51.Kg3 b3 52.Bg8 b2 53.Ba2 Rf1 54.Rb7 Ka3  0-1

[Event "XXI Open"]
[Site "Metz FRA"]
[Date "2003.04.27"]
[Round "9"]
[White "Marzolf,B"]
[Black "Bosboom Lanchava,T"]
[Result "0-1"]
[WhiteElo "2276"]
[BlackElo "2329"]

1.e4 c5 2.Nf3 Nc6 3.Bb5 e6 4.Bxc6 bxc6 5.d3 Qc7 6.O-O Ne7 7.Ng5 g6 8.f4 f6
9.Nf3 Bg7 10.Qe2 O-O 11.c4 d6 12.Nc3 e5 13.Be3 exf4 14.Bxf4 g5 15.Bg3 Ng6
16.Qe3 Qe7 17.Kh1 h5 18.h3 Bh6 19.Qe1 Be6 20.Rd1 Rf7 21.b3 Ne5 22.Ng1 g4
23.h4 f5 24.exf5 Bxf5 25.Ne4 Re8 26.Qa5 Bxe4 27.dxe4 Rxf1 28.Rxf1 Ng6 29.Rf5 Qxe4
30.Rxh5 Nf4 31.Bxf4 Bxf4 32.Qc3 Re5 33.Rxe5 dxe5 34.Qa5 Qd3 35.Qe1 Bg3 36.Qe2 Qf5
37.Qe3 Bxh4 38.g3 Be7 39.Kg2 Kg7 40.Qf2 Qe4+ 41.Kf1 Qd3+ 42.Kg2 Qe4+ 43.Kf1 a5
44.Qe2 Qd4 45.Qc2 Qe3 46.Qf5 Qxg3 47.Qe6 Qf4+ 48.Ke2 Qe4+  0-1

[Event "Rhone Open"]
[Site "Lyon FRA"]
[Date "2003.04.30"]
[Round "5"]
[White "Midoux,S"]
[Black "Lacour,S"]
[Result "1/2-1/2"]
[WhiteElo "2296"]
[BlackElo "2126"]

1.e4 c5 2.Nf3 Nc6 3.Bb5 g6 4.Bxc6 dxc6 5.d3 Bg7 6.h3 Nf6 7.Nc3 Nd7 8.Be3 e5
9.Qd2 h6 10.O-O-O Qe7 11.g3 Nf8 12.Ng1 Ne6 13.f4 Nd4 14.Rf1 exf4 15.gxf4 Be6
16.Qf2 O-O-O 17.h4 b6 18.h5 Kb7 19.Kb1 c4 20.Rd1 Nb5 21.Nxb5 cxb5 22.Nf3 Bxb2
23.Kxb2 Qb4+ 24.Ka1 Qc3+ 25.Kb1 Qb4+ 26.Ka1 Qc3+  1/2-1/2

[Event "FSGM May"]
[Site "Budapest HUN"]
[Date "2003.05.05"]
[Round "3"]
[White "Predojevic,B"]
[Black "Hermansson,E"]
[Result "1-0"]
[WhiteElo "2430"]
[BlackElo "2396"]

1.e4 c5 2.Nf3 Nc6 3.Bb5 g6 4.Bxc6 dxc6 5.d3 Bg7 6.h3 Nf6 7.Nc3 O-O 8.Be3 b6
9.Qd2 e5 10.Bh6 Qd6 11.O-O Nh5 12.Rae1 Be6 13.b3 b5 14.Ne2 Rfd8 15.Bxg7 Kxg7
16.Qc3 f6 17.g4 b4 18.Qa1 Nf4 19.Nxf4 exf4 20.e5 fxe5 21.Rxe5 Kg8 22.Rfe1 Re8
23.Ng5 Bd7 24.Rxe8+ Bxe8 25.Ne4 Qd4 26.Qxd4 cxd4 27.Nf6+ Kf7 28.Rxe8 Rxe8
29.Nxe8 Kxe8 30.Kg2 Ke7 31.Kf3 Ke6 32.Kxf4 h6 33.Ke4 c5 34.f4 g5 35.f5+ Kd6
36.f6 Ke6 37.f7 Kxf7 38.Kd5 Kf6 39.Kd6  1-0

[Event "FSGM May"]
[Site "Budapest HUN"]
[Date "2003.05.06"]
[Round "4"]
[White "Biro,S"]
[Black "Horvath,P1"]
[Result "0-1"]
[WhiteElo "2334"]
[BlackElo "2456"]

1.e4 c5 2.Nf3 Nc6 3.Bb5 e6 4.O-O Nge7 5.Re1 a6 6.Bf1 d5 7.exd5 Nxd5 8.d4 cxd4
9.Nxd4 Be7 10.Nxc6 bxc6 11.c4 Nb4 12.Qe2 c5 13.Nc3 O-O 14.Bf4 Nc6 15.Qe4 Bd7
16.Rad1 f5 17.Qe3 Nd4 18.Qg3 Bh4 19.Qd3 Bc6 20.b4 cxb4 21.Ne2 Nxe2+ 22.Qxe2 Bd7
23.c5 Qc8 24.Bd6 Re8 25.Qc4 Bf6 26.Qxb4 Kh8 27.Bc4 a5 28.Qb6 a4 29.Bc7 Bc3
30.c6 Bxc6 31.Qxc6 Bxe1 32.Rxe1 Re7 33.Bd5 Ra6 34.Qb7 Qxb7 35.Bxb7 Ra7 36.Bd6 Rexb7
37.f4 Kg8 38.Rxe6 Rb1+ 39.Kf2 Rb2+ 40.Kf3 Rxa2 41.Re8+ Kf7 42.Rf8+ Ke6 43.Be5 Rb7
44.Bd4 Rb3+ 45.Be3 Raa3  0-1

[Event "Capablanca Mem Premier II"]
[Site "Havana CUB"]
[Date "2003.05.06"]
[Round "1"]
[White "Galego,L"]
[Black "Gongora,M"]
[Result "1/2-1/2"]
[WhiteElo "2506"]
[BlackElo "2406"]

1.e4 c5 2.Nf3 Nc6 3.Bb5 e6 4.O-O Nge7 5.c3 a6 6.Ba4 b5 7.Bc2 Bb7 8.a4 Ng6
9.axb5 axb5 10.Rxa8 Qxa8 11.d4 cxd4 12.Nxd4 b4 13.Re1 Be7 14.Nf3 Qb8 15.c4 O-O
16.b3 Bc5 17.Be3 d6 18.Nbd2 Rd8 19.Nf1 Qc7 20.Re2 Nge5 21.Rd2 Nxf3+ 22.Qxf3 e5
23.Ng3 Nd4 24.Bxd4 Bxd4 25.Nf5 Bc5 26.Qg3 f6 27.h4 Kf8 28.Kh2 Ra8 29.Qd3 g6
30.Ne3 Kg7 31.Nd5 Qd8 32.g3 Bc8 33.Qf3 h5 34.Bd1 Ra1 35.Be2 Qf8 36.Ne3 Qe7
37.Bf1 Qe6 38.Bg2 Bd7 39.Nd5 Bc8 40.Nc7 Qe7 41.Nd5 Qe6 42.Qe2 Ra3 43.Rd3 Qf7
44.Qe1 Be6 45.Bh3 Bxd5 46.cxd5 Qa7 47.Rf3 Ra2 48.Kg2 Rb2 49.g4 Qa2 50.Qg1 Rb1
51.Qh2 hxg4 52.Bxg4 Qe2 53.h5 Bxf2 54.Kh3 Qf1+ 55.Qg2 Qxg2+ 56.Kxg2 Rg1+
57.Kh3 gxh5 58.Bf5 Be1 59.Kh2 Rg5 60.Kh3 Bd2 61.Rf2 Bf4 62.Rg2 Kh6 63.Be6 Rxg2
64.Kxg2 Kg5 65.Kf3 Bd2 66.Bf5 Kh6 67.Be6 Kg7 68.Bf5 Kf8 69.Be6 Ke7 70.Bf5  1/2-1/2

[Event "Capablanca Mem Mixto"]
[Site "Havana CUB"]
[Date "2003.05.09"]
[Round "4"]
[White "Marrero,Y"]
[Black "Lucena,L"]
[Result "0-1"]
[WhiteElo "2212"]
[BlackElo "2193"]

1.e4 c5 2.Nf3 Nc6 3.Bb5 g6 4.Bxc6 dxc6 5.d3 Bg7 6.h3 Nf6 7.Nc3 O-O 8.Be3 Qa5
9.O-O Nd7 10.Qd2 Rd8 11.Bh6 Ne5 12.Nxe5 Bxe5 13.f4 Bd4+ 14.Kh1 c4 15.Rad1 cxd3
16.Nd5 Qxd2 17.Nxe7+ Kh8 18.Rxd2 Be3 19.Rxd3 Rxd3 20.cxd3 Bd7 21.d4 Re8 22.Bg5 Kg7
23.e5 Kf8 24.Rf3 Bd2 25.Rb3 b6 26.d5 Rxe7 27.Bxe7+ Kxe7 28.d6+ Ke6 29.g3 c5
30.Rd3 Bc1 31.b3 g5 32.Rd1 Be3 33.fxg5 Bxg5 34.Rf1 b5 35.h4 Be3 36.Rf6+ Kxe5
37.Rxf7 Kxd6 38.Rxh7 c4 39.bxc4 bxc4  0-1

[Event "National I"]
[Site "Clermont-Ferrand FRA"]
[Date "2003.05.10"]
[Round "10"]
[White "Glek,I"]
[Black "Karr,JP"]
[Result "1-0"]
[WhiteElo "2551"]
[BlackElo "2376"]

1.e4 c5 2.Nf3 Nc6 3.Bb5 g6 4.O-O Bg7 5.c3 Nf6 6.Re1 O-O 7.e5 Nd5 8.d4 cxd4
9.cxd4 d6 10.Nc3 Nc7 11.exd6 Qxd6 12.Bg5 Be6 13.Bxc6 bxc6 14.Qd2 Rfe8 15.Bf4 Qd8
16.Be5 Bd5 17.Bxg7 Kxg7 18.Ne5 Ne6 19.Re3 Nf8 20.Rc1 Qa5 21.Rh3 Rad8 22.Qh6+ Kg8
23.Re1 c5 24.dxc5 Qxc5 25.Rg3 Ba8 26.h4 Qb6 27.h5 Qf6 28.Qe3 Nd7 29.Ng4 Qb6
30.hxg6 hxg6 31.Qh6 Qd4 32.Rd1 Qg7 33.Qxg7+ Kxg7 34.Rgd3 Bc6 35.Ne5 Nxe5
36.Rxd8 Rxd8 37.Rxd8 g5 38.b4  1-0

[Event "National I"]
[Site "Clermont-Ferrand FRA"]
[Date "2003.05.10"]
[Round "10"]
[White "Bujisho,B"]
[Black "Nataf,IA"]
[Result "1-0"]
[WhiteElo "2411"]
[BlackElo "2559"]

1.e4 c5 2.Nf3 Nc6 3.Bb5 e6 4.Bxc6 bxc6 5.d3 Ne7 6.Qe2 Qc7 7.c4 Ng6 8.g3 Be7
9.h4 h5 10.Bd2 e5 11.Na3 Nf8 12.Nc2 f6 13.Ng1 Rb8 14.Bc1 d6 15.Nh3 Ne6 16.f3 a5
17.Nf2 Nd4 18.Nxd4 cxd4 19.Qc2 Qb6 20.Bd2 Qxb2 21.Qxb2 Rxb2 22.Ke2 Be6 23.Rhb1 Rxb1
24.Rxb1 Kf7 25.Rb6 Ra8 26.Rxc6 Bd8 27.Rxd6 Ke7 28.Rc6 Bd7 29.Rc5 Bb6 30.Rd5 Bc6
31.Bc1 Bxd5 32.Ba3+ Kd7 33.exd5 f5 34.Nh3 Rc8 35.Ng5 Bc5 36.Bc1 Rb8 37.Ne6 Kd6
38.Nxc5 Kxc5 39.Ba3+ Kb6 40.Bd6 Re8 41.Kd2 g6 42.a4 Kb7 43.c5 Kc8 44.Kc2 f4
45.gxf4 exf4 46.Kb3 Re3 47.Kc4 Rxf3 48.Be5 Rf1 49.d6 Kd7 50.Kd5 Rc1 51.Bxf4 Rc2
52.Bg5 Rc3 53.Bf6 Rc2 54.Bxd4 g5 55.hxg5 h4 56.Be5 h3 57.g6 h2 58.c6+ Rxc6
59.Bxh2 Rc3 60.g7 Rc8 61.Be5 Re8 62.Bf6 Rg8 63.d4 Re8 64.Be7 Rg8 65.Bf8  1-0

[Event "National I"]
[Site "Clermont-Ferrand FRA"]
[Date "2003.05.10"]
[Round "10"]
[White "Lutz,C"]
[Black "Tirard,H"]
[Result "1-0"]
[WhiteElo "2640"]
[BlackElo "2393"]

1.e4 c5 2.Nf3 Nc6 3.Bb5 e6 4.Bxc6 bxc6 5.d3 Ne7 6.Qe2 Qc7 7.O-O Ng6 8.Ng5 e5
9.Na3 Be7 10.Qh5 Bxg5 11.Qxg5 O-O 12.Be3 d6 13.Nc4 Be6 14.Nd2 f5 15.f4 exf4
16.Bxf4 c4 17.dxc4 fxe4 18.Be3 d5 19.cxd5 cxd5 20.Nb3 Rxf1+ 21.Rxf1 Rf8 22.Rxf8+ Nxf8
23.Nc5 Qd6 24.Bd4 Ng6 25.b4 Kf7 26.b5 Ke8 27.a4 Bf7 28.a5 Qc7 29.Qd2 Ne7
30.Nb3 Nf5 31.b6 axb6 32.axb6 Qe7 33.Qa5 Be6 34.Qb5+ Kf7 35.b7 Nxd4 36.Nxd4 Qf6
37.Qf1  1-0

[Event "Capablanca Mem Mixto"]
[Site "Havana CUB"]
[Date "2003.05.10"]
[Round "5"]
[White "Arribas,M"]
[Black "Perea,O"]
[Result "1/2-1/2"]
[WhiteElo "2352"]
[BlackElo "2388"]

1.e4 c5 2.Nf3 Nc6 3.Bb5 g6 4.O-O Bg7 5.d3 Nf6 6.Nc3 O-O 7.e5 Ne8 8.Re1 Nc7
9.Bxc6 dxc6 10.Be3 b6 11.a4 a5 12.h3 Ne6 13.Ne4 Nd4 14.Ned2 Be6 15.Bf4 Nxf3+
16.Qxf3 Qd5 17.Qg3  1/2-1/2

[Event "Capablanca Mem Premier II"]
[Site "Havana CUB"]
[Date "2003.05.10"]
[Round "5"]
[White "Quezada,Y"]
[Black "Handke,F"]
[Result "1-0"]
[WhiteElo "2438"]
[BlackElo "2506"]

1.e4 c5 2.Nf3 Nc6 3.Bb5 g6 4.O-O Bg7 5.Bxc6 bxc6 6.c3 Nh6 7.d4 cxd4 8.cxd4 O-O
9.Nc3 f6 10.Re1 d6 11.h3 Nf7 12.Be3 Bd7 13.Qd2 Qc7 14.Rad1 Rad8 15.Qc2 Qb7
16.Re2 Rfe8 17.Qa4 d5 18.Qa5 dxe4 19.Nxe4 Qb5 20.Qxb5 cxb5 21.d5 e6 22.Bxa7 Ra8
23.dxe6 Bxe6 24.Bd4 f5 25.Nc3 b4 26.Bxg7 Kxg7 27.Nd5 Rad8 28.Red2 Bxd5 29.Rxd5 Rxd5
30.Rxd5 Ra8 31.Rb5 Rxa2 32.Rxb4 Ra1+ 33.Kh2 Rf1 34.Kg3 Nd6 35.Ng5 h6 36.Rd4 hxg5
37.Rxd6 Rc1 38.Rd2 Kf6 39.Kf3 Rg1 40.Rd6+ Kf7 41.Kg3 Rc1 42.Rd2 Kf6 43.f4 Rc6
44.fxg5+ Kxg5 45.Kf3 Re6 46.b4 Kf6 47.b5 Rb6 48.Rb2 g5 49.g3 Ke5 50.h4 g4+
51.Ke3 Kf6 52.Rb3 Ke5 53.Rb4 Ke6 54.h5 Ke5 55.Rb3 Kf6 56.h6 Kg6 57.Kf4 Kxh6
58.Kxf5 Kh5 59.Rb2 Kh6 60.Kxg4 Kg6 61.Kf4 Kf6 62.g4 Kg6 63.Ke5 Kg5 64.Rb4  1-0

[Event "Capablanca Mem Premier I"]
[Site "Havana CUB"]
[Date "2003.05.16"]
[Round "11"]
[White "Mateo,Ra"]
[Black "Ramirez,Al"]
[Result "0-1"]
[WhiteElo "2444"]
[BlackElo "2421"]

1.e4 c5 2.Nf3 Nc6 3.Bb5 e6 4.O-O Nge7 5.c3 d5 6.e5 Qb6 7.Ba4 Bd7 8.Bc2 Ng6
9.Re1 Be7 10.d3 f6 11.d4 fxe5 12.Bxg6+ hxg6 13.dxe5 O-O-O 14.Na3 Rdf8 15.c4 d4
16.Nb5 Kb8 17.Bd2 a6 18.Nd6 Rh5 19.a3 Rxf3 20.gxf3 Nxe5 21.Ne4 Rf5 22.f4 Nxc4
23.Ng3 Rf8 24.Qc2 Qxb2 25.Qxc4 Qxd2 26.f5 gxf5 27.Rab1 Qa5 28.Rxe6 Bxe6 29.Qxe6 Qc7
30.Qxa6 Rf6 31.Qc4 g6 32.a4 Bd6 33.Re1 Rf8 34.Re6 Bxg3 35.hxg3 f4 36.Rxg6 fxg3
37.Rxg3 Qe5 38.Qc1 Re8 39.Qh6 Rh8 40.Qc1 Qe4 41.Rg2 d3 42.Qa1 Qh4 43.Qe5+ Ka8
44.f3 Qh1+ 45.Kf2 d2 46.Qxc5 Qe1+  0-1

[Event "Capablanca Mem Premier II"]
[Site "Havana CUB"]
[Date "2003.05.17"]
[Round "12"]
[White "De la Paz,F"]
[Black "Handke,F"]
[Result "0-1"]
[WhiteElo "2449"]
[BlackElo "2506"]

1.e4 c5 2.Nf3 Nc6 3.Bb5 Nf6 4.e5 Nd5 5.O-O Nc7 6.Bxc6 dxc6 7.h3 g6 8.d3 Bg7
9.Nc3 b6 10.Ne4 O-O 11.Bd2 f5 12.exf6 exf6 13.Qc1 g5 14.Nh2 Bf5 15.Ng3 Bg6
16.f4 f5 17.Bc3 Bxc3 18.bxc3 Nd5 19.Nf3 gxf4 20.Ne2 Qd6 21.Nh4 Rae8 22.Qd2 Qf6
23.Nf3 Re7 24.Rae1 Rfe8 25.d4 Qd6 26.Rf2 Re3 27.Qc1 Bh5 28.Ne5 Bxe2 29.Rxf4 R8xe5
30.dxe5 Qxe5 31.Rf2 f4 32.Qd2 Bc4 33.Rd1 Qxc3 34.Qc1 a5 35.Kh2 Rxh3+ 36.gxh3 Qg3+
37.Kh1 Qxf2 38.Rg1+ Kf7 39.Qb2 Nf6  0-1

[Event "ch-URU"]
[Site "Montevideo URU"]
[Date "2003.05.17"]
[Round "2"]
[White "Crosa,M"]
[Black "Bauza,A"]
[Result "1-0"]
[WhiteElo "2425"]
[BlackElo "2233"]

1.e4 c5 2.Nf3 Nc6 3.Bb5 e6 4.Bxc6 bxc6 5.Qe2 Ne7 6.d3 Ng6 7.h4 h5 8.e5 Be7
9.Qe4 Rb8 10.Nbd2 Qc7 11.b3 Rb4 12.Nc4 Ba6 13.Bb2 Rg8 14.O-O-O f5 15.Qe3 Nh8
16.Nd6+ Bxd6 17.exd6 Qxd6 18.c4 Qc7 19.Bc3 Nf7 20.Bxb4 cxb4 21.d4 Bc8 22.Rhe1 g6
23.Ng5 Nxg5 24.Qxg5 Kf7 25.f3 Qd8 26.Qxd8 Rxd8 27.d5 cxd5 28.cxd5 d6 29.Kb2 e5
30.Rc1 Kf6 31.Rc7 a5 32.Ra7 g5 33.Ra8 Rg8 34.Rc1 Be6 35.Rxg8 Bxg8 36.Rc6 gxh4
37.Rxd6+ Ke7 38.Rh6 Bxd5 39.Rxh5 e4 40.Rxf5 Ke6 41.fxe4 Bxe4 42.Rg5 Kf6 43.Rg4  1-0

[Event "TCh-Serbia & Montenegro"]
[Site "Budva YUG"]
[Date "2003.05.18"]
[Round "?"]
[White "Nevednichy,V"]
[Black "Milanovic,Da"]
[Result "1-0"]
[WhiteElo "2569"]
[BlackElo "2429"]

1.e4 c5 2.Nf3 Nc6 3.Bb5 e6 4.Bxc6 bxc6 5.d3 Ne7 6.O-O Ng6 7.Ng5 h6 8.Nh3 e5
9.f4 exf4 10.Nxf4 Nxf4 11.Bxf4 d6 12.Nd2 Be7 13.Qf3 O-O 14.Nc4 Be6 15.b3 Kh7
16.h3 Qd7 17.Rae1 Rae8 18.Qg3 d5 19.Nd6 Rd8 20.Nf5 Bxf5 21.exf5 Bf6 22.Be5 Rfe8
23.Bxf6 gxf6 24.Qh4 Qd6 25.a4 Re5 26.Rxe5 fxe5 27.a5 Rg8 28.a6 Rg5 29.Kh1 Qc7
30.Qf2 d4 31.f6 Qd7 32.Qe2 Qe6 33.Qe4+ Kg8 34.Kh2 Qd5 35.g4 Qxe4 36.dxe4 Kf8
37.Kg3 h5 38.Kh4 Rg8  1-0

[Event "TCh-Serbia & Montenegro"]
[Site "Budva YUG"]
[Date "2003.05.18"]
[Round "?"]
[White "Ristic,Neb1"]
[Black "Gavela,D"]
[Result "1-0"]
[WhiteElo "2373"]
[BlackElo "2298"]

1.e4 c5 2.Nf3 Nc6 3.Bb5 Nf6 4.Nc3 g6 5.e5 Ng4 6.Bxc6 dxc6 7.h3 Nh6 8.g4 Bg7
9.d3 O-O 10.Be3 f5 11.exf6 exf6 12.Qd2 Nf7 13.Bxc5 Re8+ 14.Be3 f5 15.gxf5 Bxf5
16.O-O-O Qd7 17.Rdg1 b5 18.Kb1 b4 19.Ne2 a5 20.Nfd4 c5 21.Nxf5 Qxf5 22.h4 Rad8
23.h5 c4 24.hxg6 hxg6 25.d4 Ne5 26.Qd1 Ng4 27.Ng3 Nxe3 28.Nxf5 Nxd1 29.Rxg6 Kf7
30.Rxg7+ Kf6 31.Rxd1 Kxf5 32.Rf7+ Ke4 33.c3 Rf8 34.Rxf8 Rxf8 35.Rd2 b3 36.d5 Rh8
37.Rd1 Kf3 38.axb3 cxb3 39.d6  1-0

[Event "ch-RUS w"]
[Site "Elista RUS"]
[Date "2003.05.20"]
[Round "3"]
[White "Ubiennykh,E"]
[Black "Shumiakina,T"]
[Result "1-0"]
[WhiteElo "2293"]
[BlackElo "2373"]

1.e4 c5 2.Nf3 Nc6 3.Bb5 e6 4.Bxc6 bxc6 5.d3 Ne7 6.Qe2 Ng6 7.h4 h5 8.e5 f6
9.Qe4 Kf7 10.Na3 Nxe5 11.Nxe5+ fxe5 12.Bg5 Be7 13.Bxe7 Qxe7 14.Nc4 Qf6 15.Nxe5+ Kg8
16.Rh3 d6 17.Nxc6 Bb7 18.Rf3 Bxc6 19.Qxc6 Qd8 20.Qb7 Rh6 21.O-O-O Rg6 22.Re1 Qe8
23.Rg3 Rxg3 24.fxg3 e5 25.Qd5+ Kh8 26.Qxd6 Qf7 27.Qxe5  1-0

[Event "ch-RUS w"]
[Site "Elista RUS"]
[Date "2003.05.21"]
[Round "4"]
[White "Slavina,I"]
[Black "Fatalibekova,E"]
[Result "1-0"]
[WhiteElo "2381"]
[BlackElo "2276"]

1.e4 c5 2.Nf3 Nc6 3.Bb5 g6 4.O-O Bg7 5.Re1 Nf6 6.Nc3 O-O 7.e5 Ne8 8.Bxc6 bxc6
9.d3 d6 10.h3 Nc7 11.Ne4 Ne6 12.Be3 f5 13.exf6 exf6 14.c3 Rb8 15.d4 f5 16.Neg5 f4
17.Nxe6 Bxe6 18.Bxf4 Bd5 19.Bg3 Bxf3 20.gxf3 cxd4 21.cxd4 Rxb2 22.Re6 Qd7
23.Rxd6 Qxh3 24.Rxc6 Rd8 25.Qf1 Qxf1+ 26.Kxf1 Bxd4 27.Rd1 Rb7 28.Rc2 Rbd7
29.Rcd2 Rd5 30.Bf4 Kf7 31.Be3 Bxe3 32.Rxd5 Rxd5 33.Rxd5 Bb6 34.Rd7+ Kg8  1-0

[Event "28th Elekes Mem GM"]
[Site "Budapest HUN"]
[Date "2003.05.24"]
[Round "8"]
[White "Burnett,R"]
[Black "Sprenger,J"]
[Result "1/2-1/2"]
[WhiteElo "2442"]
[BlackElo "2431"]

1.e4 c5 2.Nf3 Nc6 3.Bb5 g6 4.O-O Bg7 5.c3 Nf6 6.Re1 O-O 7.h3 Ne8 8.Na3 Nc7
9.Ba4 e5 10.d3 Ne6 11.Nc2 a6 12.Bb3 d6 13.Be3 b5 14.Bd5 Bb7 15.b4 cxb4 16.Nxb4 Nxb4
17.Bxb7 Rb8 18.cxb4 Rxb7 19.d4 exd4 20.Nxd4 Rc7 21.Nxe6 fxe6 22.Bb6 Bxa1
23.Qxa1 Rff7 24.Qd4 Rc4 25.Qxc4 Qxb6 26.Qc8+ Kg7 27.Re3 e5 28.Qc2 Rc7 29.Qd2 Qc6
30.Kh2 Rf7 31.f3 Qb6 32.Rc3 Rc7 33.Rd3 Rc6 34.f4 exf4 35.Qb2+ Kg8 36.Qf6 d5
37.Qxf4 dxe4 38.Rd7 Rf6 39.Qh6 Rf7 40.Rxf7 Kxf7 41.Qxh7+ Kf8 42.Qh8+ Kf7
43.Qe5 Qe3 44.h4 Qe1 45.Qd5+ Kg7 46.Qe5+ Kf7 47.Qd5+  1/2-1/2

[Event "ch-RUS w"]
[Site "Elista RUS"]
[Date "2003.05.24"]
[Round "7"]
[White "Polovnikova,E"]
[Black "Shumiakina,T"]
[Result "1-0"]
[WhiteElo "2383"]
[BlackElo "2373"]

1.e4 c5 2.Nf3 Nc6 3.Bb5 e6 4.O-O Nge7 5.b3 Nd4 6.Nxd4 cxd4 7.c3 a6 8.Bd3 Nc6
9.cxd4 Nxd4 10.Bb2 Bc5 11.Nc3 d6 12.Kh1 O-O 13.f4 f5 14.exf5 exf5 15.Ne2 Nc6
16.Rc1 Be6 17.Bb1 Bb6 18.Rc3 Qd7 19.Rg3 Rf7 20.Ng1 Bd4 21.Bxd4 Nxd4 22.Rd3 Nc6
23.Nf3 Rf6 24.Re1 h6 25.Ne5 Qc7 26.Nxc6 Qxc6 27.Rc3 Qd7 28.Qc1 Bd5 29.Rc7 Qd8
30.Bd3 Bc6 31.Ree7 Rg6 32.Qc4+ d5 33.Qd4 Qf8 34.Bxf5 Rf6 35.g4 Re8 36.Rxg7+ Qxg7
37.Rxg7+ Kxg7 38.g5 hxg5 39.fxg5 Rf8 40.h4  1-0

[Event "4th IECC"]
[Site "Istanbul TUR"]
[Date "2003.05.31"]
[Round "2"]
[White "Nisipeanu,LD"]
[Black "Halkias,S"]
[Result "1-0"]
[WhiteElo "2606"]
[BlackElo "2542"]

1.e4 c5 2.Nf3 Nc6 3.Bb5 g6 4.Bxc6 dxc6 5.d3 Bg7 6.h3 b6 7.Nc3 e5 8.Be3 Ne7
9.Qd2 h6 10.g4 Be6 11.O-O-O Qd7 12.Rhg1 O-O-O 13.Kb1 f6 14.Na4 Kb8 15.Qc3 Nc8
16.Nh4 Qf7 17.b3 Nd6 18.Qe1 Nb5 19.Nb2 h5 20.g5 f5 21.Bd2 fxe4 22.dxe4 Bxh3
23.c3 Be6 24.Ka1 Rd7 25.Be3 Rhd8 26.Rxd7 Rxd7 27.Rg3 Bg4 28.f3 Be6 29.Rg2 Kc7
30.Rd2 Rxd2 31.Qxd2 Qe8 32.a4 Nd6 33.c4 Bf7 34.Bf2 Qd7 35.Kb1 Qe6 36.Kc2 Nb7
37.Nd3 Kc8 38.Bg3 b5 39.Qc3 b4 40.Qd2 Qh3 41.Qe1 Be8 42.Qf2 Qh1 43.Qe1 Qh3
44.Nxe5 Qe6 45.Nd3 Bd4 46.Qd2 Na5 47.Qf4 Kb7 48.Qc7+ Ka6 49.Nf4 Qg8 50.Qc8+ Nb7
51.Ne6 Kb6 52.a5+  1-0